| 000 | 00918nam a2200253 a 4500 | ||
|---|---|---|---|
| 001 | 62658 | ||
| 003 | BD-RjUL | ||
| 005 | 20211209081117.0 | ||
| 008 | 170125s1987 bbga|||| |||| 00| 0 ben d | ||
| 020 | _c: Tk. 25.00 | ||
| 035 | _a(BD-RjUL)62784 | ||
| 040 |
_aBD-RjUL _bben _cBD-RjUL |
||
| 041 | _aben | ||
| 082 |
_223 _a726.1095492 _bCHB 1987 |
||
| 100 |
_aচক্রবর্তী, রতন লাল _9186290 |
||
| 245 | 1 | 0 |
_aবাংলাদেশের মন্দির / _cরতন লাল চক্রবর্তী |
| 260 |
_aঢাকা : _bবাংলা একাডেমী', _c১৯৮৭ |
||
| 300 |
_a৯৮ পৃ. : _bচিত্র ; _c২৩ সেমি. |
||
| 490 |
_aবাএ ; _v১৯৮৫ |
||
| 650 |
_aমন্দির _zবাংলাদেশ _9178124 |
||
| 650 |
_aTemples _zBangladesh _9186291 |
||
| 830 |
_aবাএ ; _v১৯৮৫ _9186588 |
||
| 942 |
_2ddc _cBK |
||
| 999 |
_c62658 _d62658 |
||